01405nam a2200361 a 4500001001200000003000800012006001900020007001500039008004100054010001700095020002500112020002700137040002100164035002100185050002600206082001200232245008000244260004200324300001900366440004500385500010000430504005100530533015200581650001100733650003300744650003000777650001900807655002900826700002800855710001700883856012600900999001701026ebr10657615CaPaEBRm u cr cn|||||||||120907s2013 enka sb 001 0 eng d z 2012035902 z9781118509890 (pbk.) z9781118509845 (e-book) aCaPaEBRcCaPaEBR a(OCoLC)84296216914aHV6025b.C7125 2013eb04a36422300aCrime and social policyh[electronic resource] /cedited by Hazel Kemshall. aChichester :bWiley-Blackwell,c2013. a133 p. :bill. 0aBroadening perspectives on social policy a"Originally published as Volume 46, Issue 4 of Social policy & administration"--copyright page. aIncludes bibliographical references and index. aElectronic reproduction.bPalo Alto, Calif. :cebrary,d2013.nAvailable via World Wide Web.nAccess may be limited to ebrary affiliated libraries. 0aCrime. 0aCrimexSociological aspects. 0aCrimexGovernment policy. 0aSocial policy. 7aElectronic books.2local1 aKemshall, Hazel,d1958-2 aebrary, Inc.40uhttp://site.ebrary.com/lib/rucke/Doc?id=10657615zAn electronic book accessible through the World Wide Web; click to view c76965d76965